<?xml version="1.0" encoding="UTF-8"?>
<record
    xmlns:xsi="http://www.w3.org/2001/XMLSchema-instance"
    xsi:schemaLocation="http://www.loc.gov/MARC21/slim http://www.loc.gov/standards/marcxml/schema/MARC21slim.xsd"
    xmlns="http://www.loc.gov/MARC21/slim">

  <leader>01796nam a22003258a 4500</leader>
  <controlfield tag="001">1533587</controlfield>
  <controlfield tag="003">OSt</controlfield>
  <controlfield tag="005">20210917144257.0</controlfield>
  <controlfield tag="008">160317s2016    ck     gr     00010 spa d</controlfield>
  <datafield tag="020" ind1=" " ind2=" ">
    <subfield code="a">9789587743005</subfield>
  </datafield>
  <datafield tag="040" ind1=" " ind2=" ">
    <subfield code="a">CO-BoBLA </subfield>
    <subfield code="b">spa </subfield>
    <subfield code="c">CO-BqBPB</subfield>
  </datafield>
  <datafield tag="043" ind1=" " ind2=" ">
    <subfield code="a">s-ck---</subfield>
  </datafield>
  <datafield tag="082" ind1="0" ind2="4">
    <subfield code="a">860.4 </subfield>
    <subfield code="b">T35n </subfield>
  </datafield>
  <datafield tag="100" ind1="1" ind2=" ">
    <subfield code="a">T&#xFFFD;llez, Hernando, </subfield>
    <subfield code="d">1908-1966.</subfield>
  </datafield>
  <datafield tag="245" ind1="1" ind2="0">
    <subfield code="a">Nadar contra la corriente : </subfield>
    <subfield code="b">escritos sobre literatura / </subfield>
    <subfield code="c">Hernando T&#xE9;llez ; pr&#xF3;logo de Efr&#xED;n Giraldo.</subfield>
  </datafield>
  <datafield tag="260" ind1=" " ind2=" ">
    <subfield code="a">Bogot&#xE1; : </subfield>
    <subfield code="b">Universidad de los Andes : </subfield>
    <subfield code="b">Panamericana Editorial :</subfield>
    <subfield code="b">Universidad EAFIT, </subfield>
    <subfield code="c">2016.</subfield>
  </datafield>
  <datafield tag="300" ind1=" " ind2=" ">
    <subfield code="a">389 p&#xE1;ginas ; </subfield>
    <subfield code="c">19 cm.</subfield>
  </datafield>
  <datafield tag="490" ind1="1" ind2=" ">
    <subfield code="a">Relecturas</subfield>
  </datafield>
  <datafield tag="500" ind1=" " ind2=" ">
    <subfield code="a">Condici&#xF3;n: New. Language: Spanish. Brand new Book. El objetivo de este trabajo es presentar algunos retos que enfrenta el Derecho Internacional Humanitario, dado el protagonismo que ha alcanzado un reciente espacio de interacci&#xF3;n humana: el ciberespacio. As&#xED; pues, se busca resaltar los vac&#xED;os que existen en esta rama del Derecho Internacional para afrontar las nuevas formas de conflictividad y el uso de armas cibern&#xE9;ticas, y se intenta recuperar el valor de los principios que la inspiran, guiados por el estudio de los casos de Georgia e Ir&#xE1;n.</subfield>
  </datafield>
  <datafield tag="600" ind1="1" ind2="4">
    <subfield code="a">T&#xFFFD;llez, Hernando, </subfield>
    <subfield code="d">1908-1966</subfield>
    <subfield code="x"> Cr&#xFFFD;tica e interpretaci&#xFFFD;n.</subfield>
  </datafield>
  <datafield tag="600" ind1="1" ind2="4">
    <subfield code="a">T&#xFFFD;llez, Hernando, </subfield>
    <subfield code="d">1908-1966</subfield>
    <subfield code="v"> Colecciones de escritos.</subfield>
  </datafield>
  <datafield tag="650" ind1=" " ind2=" ">
    <subfield code="a">Literatura colombiana</subfield>
    <subfield code="x"> Historia y cr&#xFFFD;tica.</subfield>
  </datafield>
  <datafield tag="650" ind1=" " ind2="4">
    <subfield code="a">Autores colombianos</subfield>
    <subfield code="x"> Cr&#xFFFD;tica e interpretaci&#xFFFD;n.</subfield>
  </datafield>
  <datafield tag="650" ind1=" " ind2="4">
    <subfield code="a">Ensayos colombianos.</subfield>
  </datafield>
  <datafield tag="650" ind1=" " ind2="4">
    <subfield code="a">Novela colombiana</subfield>
    <subfield code="x"> Temas, motivos.</subfield>
  </datafield>
  <datafield tag="650" ind1=" " ind2="4">
    <subfield code="a">Novela latinoamericana</subfield>
    <subfield code="x"> Historia y cr&#xFFFD;tica.</subfield>
  </datafield>
  <datafield tag="700" ind1="1" ind2=" ">
    <subfield code="a">Giraldo, Efr&#xFFFD;n, </subfield>
    <subfield code="d">1975-, </subfield>
    <subfield code="e">prologuista.</subfield>
  </datafield>
  <datafield tag="942" ind1=" " ind2=" ">
    <subfield code="2">ddc</subfield>
    <subfield code="c">BK</subfield>
  </datafield>
  <datafield tag="949" ind1=" " ind2=" ">
    <subfield code="a">c                                     </subfield>
    <subfield code="b">c</subfield>
  </datafield>
  <datafield tag="999" ind1=" " ind2=" ">
    <subfield code="c">13809</subfield>
    <subfield code="d">13809</subfield>
  </datafield>
  <datafield tag="952" ind1=" " ind2=" ">
    <subfield code="0">0</subfield>
    <subfield code="1">0</subfield>
    <subfield code="2">ddc</subfield>
    <subfield code="4">0</subfield>
    <subfield code="7">0</subfield>
    <subfield code="8">GEN</subfield>
    <subfield code="a">BPMOS</subfield>
    <subfield code="b">BPMOS</subfield>
    <subfield code="d">2021-09-17</subfield>
    <subfield code="e">COMPRA</subfield>
    <subfield code="l">0</subfield>
    <subfield code="o">860.4  T35n </subfield>
    <subfield code="p">MOS501648</subfield>
    <subfield code="r">2021-09-21</subfield>
    <subfield code="t">ej 1</subfield>
    <subfield code="w">2021-09-17</subfield>
    <subfield code="y">BK</subfield>
    <subfield code="z">Quince dias</subfield>
  </datafield>
  <datafield tag="952" ind1=" " ind2=" ">
    <subfield code="0">0</subfield>
    <subfield code="1">0</subfield>
    <subfield code="2">ddc</subfield>
    <subfield code="4">0</subfield>
    <subfield code="7">0</subfield>
    <subfield code="8">GEN</subfield>
    <subfield code="a">BPMOS</subfield>
    <subfield code="b">BPMOS</subfield>
    <subfield code="d">2021-09-17</subfield>
    <subfield code="e">COMPRA</subfield>
    <subfield code="l">1</subfield>
    <subfield code="o">860.4  T35n </subfield>
    <subfield code="p">MOS501650</subfield>
    <subfield code="r">2022-03-14</subfield>
    <subfield code="s">2022-03-07</subfield>
    <subfield code="t">ej 2</subfield>
    <subfield code="w">2021-09-17</subfield>
    <subfield code="y">BK</subfield>
    <subfield code="z">Quince dias</subfield>
  </datafield>
</record>
